General Football Quiz #2 - Statistics

General Stats
  • This quiz has been taken 33 times
  • The average score is 7 of 11
Answer Stats
Question Answer % Correct
What is Edinson Cavanis signature celebration? Bow and Arrow
100%
Who has scored the fastest hat-trick in Premier League History? Sadio Mane
100%
Zlatan Ibrahimović has a restaurant in Paris named after him. True
100%
In which World Cup did Diego Maradona score his infamous 'Hand of God' goal? 1986
50%
How many Trophies have Chelsea FC won in the past 5 years? 4
50%
How many trophies has N'golo Kante won? 5
50%
How many UEFA Champions Leagues have Liverpool FC won? 6
50%
Which team was the first from the UK to win the Champions League? Celtic
50%
Manchester United famously wear red, but what colours did they wear before adopting red? Green and gold
50%
Choose the correct spelling. Haaland
50%
Which one of these teams has been promoted to the Premier League? Norwich
0%
No matching quizzes found
Score Distribution
Percent of People with Each Score
Percentile by Number Answered
Your Score History
You have not taken this quiz